000
00333nam a2200145Ia 4500
008
230718s9999 xx 000 0 und d
041
_a
Eng.
082
_a
340
_b
JUR-B
100
_a
Jura, Collin
245
0
_a
Bondaries and tasemeris
260
_a
Pakistan
_b
Sweat and Manual
_c
1946
300
_a
636
650
_a
Law
999
_c
28906
_d
28906